INTRODUCTION TO INFORMATION TECHNOLOGY (Record no. 133621)

MARC details
000 -LEADER
fixed length control field 00341pam a2200133 a 4500
020 ## - INTERNATIONAL STANDARD BOOK NUMBER
International Standard Book Number 9814-12-691-8
Terms of availability
041 ## - LANGUAGE CODE
Language code of original
082 ## - DEWEY DECIMAL CLASSIFICATION NUMBER
Classification number 005
Item number TUR
100 ## - MAIN ENTRY--PERSONAL NAME
Personal name TURBAN RAINER POTTER
245 ## - TITLE STATEMENT
Title INTRODUCTION TO INFORMATION TECHNOLOGY
Medium Textual Documents
260 ## - PUBLICATION, DISTRIBUTION, ETC.
Place of publication, distribution, etc. NEW YORK
Name of publisher, distributor, etc. JOHN WIEY and SONS. INC.
Date of publication, distribution, etc. 2004
300 ## - PHYSICAL DESCRIPTION
Extent 526
930 ## - EQUIVALENCE OR CROSS-REFERENCE-UNIFORM TITLE HEADING [LOCAL, CANADA]
Uniform title 14310
Holdings
Withdrawn status Lost status Damaged status Not for loan Collection Home library Current library Date acquired Cost, normal purchase price Total Checkouts Full call number Barcode Date last seen Copy number Price effective from Koha item type
          Institute of Management & Entrepreneurship Development, Pune Institute of Management & Entrepreneurship Development, Pune 19/04/2011 380.80   005 TUR IMP-IM-13070 01/03/2023 1 01/03/2023 Book